Arsenal FC 2018-2019 Squad - Statistics

General Stats
  • This quiz has been taken 1,132 times
    1,001 since last reset
  • The average score is 22 of 29
Answer Stats
Position Kit Number Nationality Answer % Correct
GK #1 Czech Republic Petr Cech
97%
GK #19 Germany Bernd Leno
94%
MID #34 Switzerland Granit Xhaka
92%
FOR #14 Gabon Pierre-Emerick Aubameyang
92%
MID #8 Wales Aaron Ramsey
91%
DEF #2 Spain Hector Bellerin
90%
MID #10 Germany Mesut Ozil
90%
DEF #5 Greece Sokratis Papastathopoulos
90%
FOR #9 France Alexandre Lacazette
89%
Manager N/A Spain Unai Emery
88%
MID #4 Egypt Mohamed Elneny
86%
GK #26 Argentina Emiliano Martinez
84%
DEF #20 Germany Shkodran Mustafi
84%
MID #17 Nigeria Alex Iwobi
82%
MID #11 Uruguay Lucas Torreira
80%
DEF #16 England Rob Holding
79%
DEF #31 Bosnia Sead Kolasinac
79%
DEF #6 France Laurent Koscielny
77%
DEF #18 Spain Nacho Monreal
77%
MID #7 Armenia Henrikh Mkhitaryan
75%
DEF #12 Switzerland Stephan Lichtsteiner
58%
MID #87 England Bukayo Saka
56%
MID #29 France Matteo Guendouzi
56%
FOR #23 England Danny Welbeck
55%
DEF #27 Greece Konstantinos Mavropanos
54%
MID #15 England Ainsley Maitland-Niles
53%
FOR #49 England Eddie Nketiah
52%
MID #55 England Emile Smith-Rowe
43%
DEF #25 England Carl Jenkinson
32%
No matching quizzes found
Score Distribution
Percent of People with Each Score
Percentile by Number Answered
Your Score History
You have not taken this quiz since the last reset